| 000 | 00679nam a22002177a 4500 | ||
|---|---|---|---|
| 003 | OSt | ||
| 005 | 20250623015414.0 | ||
| 008 | 250623b |||||||| |||| 00| 0 eng d | ||
| 020 | _a97800725525 | ||
| 040 |
_aDWCL - Main lib _cOC |
||
| 082 | _aCirc. 657.42 L265f 2014 | ||
| 100 | _aLanen, William N. | ||
| 245 |
_aFundamentals of cost accounting/ _cWilliam N. Lanen |
||
| 250 | _a fourth edition | ||
| 260 |
_aNew York : _bMcgrow-Hill , _c c2014. |
||
| 300 |
_axxvi , 709 pages : _b color illustrations ; _c28cm. |
||
| 504 | _aIncludes index and glossary | ||
| 650 | _21. Accounting | ||
| 650 | _a2. Cost accounting | ||
| 942 |
_2ddc _cBK-CIRC _e fourth edition _kCirc. _n0 |
||
| 999 |
_c3231 _d3231 |
||